Prénoms des youtubeurs et youtubeuses français(es) - Statistiques

Statistiques générales
  • Ce quiz a été pris 5 451 fois
  • Le résultat moyen est 13 sur 20
Statistiques - réponses
Hint Réponse % Correct
Inoxtag Inès
96%
Seb Sébastien
95%
Amixem Maxime
94%
Squeezie Lucas
93%
Michou Miguel
92%
Joyca Jordan
87%
Natoo Nathalie
83%
Mastu Théo
78%
Mister V Yvick
76%
Djilsi Sidjil
75%
Carlito Raphaël
70%
McFly David
69%
Gotaga Corentin
56%
Maghla Barbara
55%
Math se fait des films Mathieu
48%
Le Grand JD Julien
41%
Dooms Flavie
37%
Neoxi Valentin
33%
Linca Arnaud
31%
Le joueur du grenier Frédéric
22%
Aucun quiz correspondant
Distribution des résultats
% des personnes avec chaque résultat
Percentile par nombre de réponses
Votre historique - résultats
Vous n’avez pas pris ce quiz